<?xml version="1.0" encoding="UTF-8"?>
<record
    xmlns:xsi="http://www.w3.org/2001/XMLSchema-instance"
    xsi:schemaLocation="http://www.loc.gov/MARC21/slim http://www.loc.gov/standards/marcxml/schema/MARC21slim.xsd"
    xmlns="http://www.loc.gov/MARC21/slim">

  <leader>01021naa a2200193 i 4500</leader>
  <controlfield tag="001">4</controlfield>
  <controlfield tag="003">KOSZ 005</controlfield>
  <controlfield tag="005">20180201135612.0</controlfield>
  <controlfield tag="008">151107s1999    us a   f     |100 | eng d</controlfield>
  <datafield tag="040" ind1=" " ind2=" ">
    <subfield code="c">BPK</subfield>
    <subfield code="d">KOSZ 005/HR</subfield>
  </datafield>
  <datafield tag="041" ind1=" " ind2=" ">
    <subfield code="a">eng</subfield>
  </datafield>
  <datafield tag="044" ind1=" " ind2=" ">
    <subfield code="a">USA</subfield>
  </datafield>
  <datafield tag="100" ind1="1" ind2=" ">
    <subfield code="a">SUSZY&#x143;SKI, Zbigniew.</subfield>
    <subfield code="d">1996 - .</subfield>
    <subfield code="b">Politechnika Koszali&#x144;ska - Wydzia&#x142; Elektroniki,</subfield>
    <subfield code="c">Katedra Elektroniki Cia&#x142;a Sta&#x142;ego</subfield>
  </datafield>
  <datafield tag="245" ind1="1" ind2="0">
    <subfield code="a">Thermal model based on the electrical analogy of the thermal processes /</subfield>
    <subfield code="c">Zbigniew Suszy&#x144;ski.</subfield>
  </datafield>
  <datafield tag="500" ind1=" " ind2=" ">
    <subfield code="a">bibliografia za&#x142;&#x105;cznikowa (Informator o publikowanych wynikach prac naukowo-badawczych w 2002 roku Wydzia&#x142;u Elektroniki).</subfield>
  </datafield>
  <datafield tag="773" ind1="0" ind2=" ">
    <subfield code="i">W :</subfield>
    <subfield code="t">Photoacoustic and photothermal phenomena : 10th international conference, Rome, Italy August 23-27, 1998. -</subfield>
    <subfield code="d">Woodbury : American Institute of Physics, 1999. -</subfield>
    <subfield code="g">s. 197-199</subfield>
    <subfield code="k">AIP Conference Proceedings ; 463</subfield>
    <subfield code="z">9781563968051</subfield>
  </datafield>
  <datafield tag="711" ind1="2" ind2="2">
    <subfield code="a">International Conference on Photoacoustic and Photothermal Phenomena </subfield>
    <subfield code="n">(10 ;</subfield>
    <subfield code="d">1998 ;</subfield>
    <subfield code="c">Rzym, W&#x142;ochy) </subfield>
  </datafield>
  <datafield tag="942" ind1=" " ind2=" ">
    <subfield code="c">ROZ</subfield>
    <subfield code="2">UKD</subfield>
  </datafield>
  <datafield tag="999" ind1=" " ind2=" ">
    <subfield code="c">4</subfield>
    <subfield code="d">4</subfield>
  </datafield>
</record>
